Nákladná doprava ako jeden z urbanogénnych faktorov : Kandidátska dizertačná práca /
Gespeichert in:
| 1. Verfasser: | |
|---|---|
| Weitere Verfasser: | |
| Format: | Manuskript Buch |
| Sprache: | Slowakisch |
| Veröffentlicht: |
Bratislava :
Fakulta architektúry SVŠT v Bratislave,
december 1978
|
| Schlagworte: | |
| Tags: |
Keine Tags, Fügen Sie das erste Tag hinzu!
|
MARC
| LEADER | 00000ntm a22000003a 4500 | ||
|---|---|---|---|
| 001 | 0112614 | ||
| 003 | SK-STU | ||
| 005 | 20241129114045.6 | ||
| 007 | ta | ||
| 008 | 241127s2024----xo-----f-mn---000-0-slo-d | ||
| 040 | |a STU |b slo | ||
| 041 | 0 | |a slo | |
| 044 | |a xo |c SK | ||
| 100 | 1 | |a Hofbauer, Roman |4 aut | |
| 245 | 1 | 0 | |a Nákladná doprava ako jeden z urbanogénnych faktorov : |b Kandidátska dizertačná práca / |c aut. Roman Hofbauer ; škol. Ján Svetlík |
| 260 | |a Bratislava : |b Fakulta architektúry SVŠT v Bratislave, |c december 1978 | ||
| 300 | |a 142 s. | ||
| 650 | 0 | 7 | |a nákladná doprava |
| 650 | 0 | 7 | |a história |
| 650 | 0 | 7 | |a modelové územie |
| 650 | 0 | 7 | |a urbanizmus a územné plánovanie |
| 650 | 0 | 7 | |a indukovaný substrát |
| 650 | 0 | 7 | |a Priemyselné územie |
| 650 | 0 | 7 | |a poľnohospodárstvo |
| 650 | 0 | 7 | |a pôda |
| 650 | 0 | 7 | |a zástavba |
| 700 | 1 | |a Svetlík, Ján |4 ths | |
| 996 | |b 284AU10075 |c A* 152/V |l AAKNST |s P |a 0 |w 0112614_0001 | ||